| 000 | 00517cam a2200205ua 4500 | ||
|---|---|---|---|
| 001 | 11379 | ||
| 005 | 20260515114739.0 | ||
| 008 | 190916n ii |||gr||||Z||||||eng | ||
| 020 | _a9789386302311 | ||
| 040 | _cMAIN | ||
| 041 | _aeng | ||
| 082 | _a301 | ||
| 100 |
_aBimal Chandra Pal, _eAuthor. |
||
| 245 |
_aSocial philosophy of Radhakrishnan _cBy Bimal Chandra Pal |
||
| 250 | _a1st ed. | ||
| 260 |
_aGuwahati: _bEBH publishers, _c2018. |
||
| 300 | _a106p. | ||
| 653 | _aSociology & anthropology | ||
| 942 | _cBK | ||
| 999 |
_c10210 _d10210 |
||